| 000 | 01465nam a2200241Ia 4500 | ||
|---|---|---|---|
| 003 | Ost | ||
| 005 | 20260507075424.0 | ||
| 008 | 260507s9999||||xx |||||||||||||| ||und|| | ||
| 020 | _a38006999579 | ||
| 040 | _cfsecg | ||
| 041 | _aara | ||
| 082 | _a330 | ||
| 100 |
_aنصيرات، فريد توفيق _eمؤلف |
||
| 245 | 0 |
_aتسويق خدمات الرعاية الإستشفائية والطبية / _c فريد توفيق نصيرات |
|
| 260 |
_aعمان: _bدار المسيرة, _c2014 |
||
| 300 |
_a232 صفحة؛ _bإيضاحات ؛ _c25 سم |
||
| 520 | _aالاتجاهات والواقع التسويقي في مستشفيات القطاع الخاص في الأردن، الملامح العامة للصناعة الإستشفائية في الأردن و خصوصية الصحة و الخدمة الصحية، استعمالية الخدمات الصحية و الإستشفائية، التخطيط و التسويق الإستراتيجي للرعاية الإستشفائية، الخدمة الإستشفائية، المنتج و سعر الخدمة الإستشفائية ، العوض، الوصول للخدمة و سهولة منالها ، الترويج، الإتجاهات المستقبلية لإنتاج و تقديم الخدمات الإستشفائية . | ||
| 653 | _aالادارة | ||
| 653 | _aالتسويق | ||
| 653 | _aالخدمات الصحية | ||
| 653 | _aالرعاية الطبية | ||
| 942 | _cكتاب | ||
| 999 |
_c44477 _d44477 |
||